000 00544nam a2200181 a 4500
005 20210219160200.0
008 080923s1971 mx r 000 0 spa d
035 _aUPN01000160304
049 _aUNE
080 _a37 (84) "1971" EDU.
245 0 0 _aLa Educación en Bolivia. --
260 _aLa Paz :
_bMinisterio de Educación y Cultura,
_c1971.
300 _a91 p.;
_bcuadr.
690 _aBolivia- Organizacion de la educacion
690 _aEducacion- Bolivia
710 2 _aBolivia. Ministerio de Educación y Cultura.
905 _aUNESCO
999 _c132418
_d132418